000 01171nam a2200265 4500
001 6115
010 _a9727472206
021 _b90690/95
090 _a6115
100 _a20260122d1995 mdcy0pory5003 ba
200 1 _aO Homem de Cro-Magnon
_fdir. J. Carlos Nobre, Augusto Soveral
_gcoord. Moura Pimenta
210 _aLisboa
_cEditores Reunidos
_d1995
215 _a28 [1] p.
_cil.
_d27 cm
225 2 _aEra uma vez o homem
_v3
330 _aMais um passo na evolução : o derradeiro. Hé cerca de trinta e cinco mil anos, o homem de Neanderthal desaparece para dar lugar ao nosso mais direto antepassasdo, o homem de Cro-Nagnon. As suas hábeis mãos fazem milagres com a pedra e com a madeira: as roupas, tendas, armas... Fala uma linguagem que cinseguiríamos perceber hoje em dia e desnha, em rochrdos e cavernas, verdadeiras obras de arte.
606 _93813
_aHistória Universal
606 _9804
_aPublicação para jovens
675 _a087.5
_vBN
_zpor
675 _a93/94
_vBN
_zpor
700 _aNobre
_bJ. Carlos
_95708
701 _aSoveral
_bAugusto
_95709
702 _aPimenta
_bMoura
_95710
801 0 _aPT
_bBMVN
_gRPC
830 _cAna Caetano
_d22/01/2026
990 _cLIVROS